Biggest US Cities Starting with D - Statistics

General Stats
  • This quiz has been taken 52 times
  • The average score is 10 of 20
Answer Stats
State Answer Population % Correct
TX Dallas 1,343,573
100%
MI Detroit 670,031
100%
CO Denver 727,211
98%
IA Des Moines 214,237
98%
OH Dayton 140,407
88%
NC Durham 278,993
81%
MN Duluth 85,618
67%
FL Daytona Beach 69,186
64%
IA Davenport 101,590
50%
MI Dearborn 93,932
45%
TX Denton 141,541
45%
CT Danbury 84,694
31%
FL Davie 106,306
26%
CA Davis 69,413
26%
IL Decatur 70,746
26%
CA Daly City 106,280
21%
FL Deltona 92,757
21%
FL Delray Beach 69,451
19%
CA Downey 111,126
19%
FL Deerfield Beach 81,066
14%
No matching quizzes found
Score Distribution
Percent of People with Each Score
Percentile by Number Answered
Your Score History
You have not taken this quiz